| 000 | 00345nam a22001337a 4500 | ||
|---|---|---|---|
| 020 | _a9789695030110 | ||
| 040 | _cNUST | ||
| 082 | _a297.266 KHA | ||
| 100 |
_aKhalid Ghaznavi. Dr _990479 |
||
| 245 | _aTib-e-Nabvi Aur Jadeed Science, Vol 2 | ||
| 260 |
_aLAHORE: _bAl Faisal Nashran, _c2018. |
||
| 650 |
_aElaj -e-Nabvi _988347 |
||
| 942 |
_2ddc _cBK |
||
| 999 |
_c587584 _d587584 |
||